00377nam a22001337a 450000500170000000800410001704100130005808200130007110000130008424500400009726000560013730000240019365000260021720240709145040.0240709b |||||||| |||| 00| 0 eng d aEnglish  a349 PRE  lEnglish  aPrentice Hall Weekly Legal Service  aDurban: bPrentice Hall Services (Pty) Ltd, c1959  b83 pages; c26 cm.  aLegal practice bLaw